Recognition of pattern and form

Gespeichert in:
Bibliographische Detailangaben
1. Verfasser: Albrecht, Duane G (VerfasserIn)
Format: Buch
Sprache:Englisch
Veröffentlicht: Berlín Springer-Verlag 1982
Schriftenreihe:Lecture Notes in Biomathematics, 44
Schlagworte:
Tags: Tag hinzufügen
Keine Tags, Fügen Sie den ersten Tag hinzu!

MARC

LEADER 00000nam a2200000 a 4500
001 UCS0924
003 CL-VaPUC
005 20230112074259.0
008 970428e19820000gw 1 eng d
082 0 4 |a 570.15195  |b ALB  |2 21 
100 1 |a Albrecht, Duane G  |e author  |9 618372 
245 1 0 |a Recognition of pattern and form 
260 |a Berlín  |b Springer-Verlag  |c 1982 
300 |a 225 p 
490 0 |a Lecture Notes in Biomathematics, 44 
583 |a last modification  |c 19970428 00:00:00  |k Rodrigo Vera 
650 0 7 |a BIOMATEMATICAS  |2 CL-VaPUC  |9 260148 
650 0 7 |a FISIOLOGIA  |2 CL-VaPUC  |9 618373 
650 0 0 |a Biología  |9 262022 
650 0 0 |a Análisis de Fourier  |9 260464 
650 0 0 |a Congresos  |9 257560 
942 |c BK 
945 |a rleighto  |d 19970428 00:00:00 
546 |a En Inglés 
518 |p Proceedings of a Conference Held at the University of Texas, Austin, March 22-24, 1979 
999 |c 382923  |d 382921